Χώρες που αρχίζουν από Σ - Statistics

General Stats
  • This quiz has been taken 2 265 times
  • The average score is 11 of 16
Answer Stats
Απάντηση % Correct
Σουηδία
86%
Σερβία
80%
Σλοβακία
80%
Σλοβενία
80%
Σομαλία
78%
Σουδάν
74%
Συρία
68%
Σενεγάλη
66%
Σουρινάμ
66%
Σινγκαπούρη
63%
Σαουδική Αραβία
59%
Σρι Λάνκα
59%
Σεϋχέλλες
57%
Σαμόα
53%
Σιέρα Λεόνε
44%
Σάο Τομέ και Πρίνσιπε
39%
No matching quizzes found
Score Distribution
Percent of People with Each Score
Percentile by Number Answered
Your Score History
You have not taken this quiz